| 000 | 00498nam a22001817a 4500 | ||
|---|---|---|---|
| 003 | PILC | ||
| 005 | 20160119102414.0 | ||
| 008 | 121119t xxu||||| |||| 00| 0 eng d | ||
| 020 | _a1842552414 | ||
| 050 |
_aPZ 7 _b.B858 2004 |
||
| 082 |
_aFIC _bB77a 2003 |
||
| 100 |
_aBrindley, John _922258 |
||
| 245 |
_aAmy peppercorn : _bstarry-eyed and screaming _cJohn Brindley. |
||
| 260 |
_aGreat Britain : _bDolphin Paperback, _c2004. |
||
| 300 |
_a20 cm. _c19 cm. |
||
| 942 |
_2lcc _cBK |
||
| 999 |
_c12426 _d12426 |
||